000 00514nam a2200145Ia 4500
008 151213s9999 xx 000 0 und d
100 _aমোবাশ্বের আলী।
245 _aশিল্পির ট্রাজেডি
_cমোবাশ্বের আলী।
260 _aঢাকা
_bবাংলা একাডেমী।
_c1985
300 _a8713 p.
650 _aBangla
650 _aট্রাজেডি।
700 _aমোবাশ্বের আলী।
999 _c4499
_d4499